1406 1808 1488 1760 1160 1287 1688 1980 1311 1706 1102 1274 1758 1367 1483 1718 1286 1738 1805 1914 1311 1064 1952 1790 1166 1100 1650 1397 1090 1082 1616 1461 1324 1677 1697 1093 1793 1005 1200 1006 1290 1636 1482 1347 1797 1144 1229 1315 1804 1682 1583 1507 1933 1119 1308 1499 1233 1538 1167 1287 1314 1377 1035 1096 1686 1339 1553 1645 1360 1618 1891 1266 1252 1840 1688 1385 1557 1545 1455 1432 1419 1409 1619 1458 1818 1647 1193 1832 1716 1866 1797 1406 1012 1947 1591 1608 1150 1982 1070 BCNSPRNW ULIB Ver.6.0+V

เปลี่ยนเป็นภาษาไทย

Change to English
 แสดงรายละเอียดบรรณานุกรม
  กลับหน้าหลัก

Brief Record : Get Marc (ISO 2709) : E-mail record : QR code < ปิดหน้าต่าง
LEADER : 00000nam 2200000uu 4500
001    13399113098
003     ULIB
008    110926s2543||||th 000 0 tha d
020    97475207
050 04 PL4202^bศ439ต 2543
100 0  ศักดิ์สิริ มีสมสืบ
245 10 ตู้เพลงลูกทุ่ง /^cศักดิ์สิริ มีสมสืบ
260    กรุงเทพฯ :^bอมรินทร์,^c2543
300    166 หน้า
650  7 กวีนิพนธ์ไทย^xรวมเรื่อง
650  7 บทกวี^xไทย^xรวมเรื่อง
945    ^p120^l0^i014508
995    ทศพร
999 ^a ทศพร
รายการนี้ยังไม่มีแท็ก
คุณยังไม่ได้ล็อกอิน คุณสามารถมีกิจกรรมร่วมกับเว็บไซต์ได้ แต่ต้องล็อกอินก่อน ::
  ล็อกอิน

รายการสื่อสารสนเทศ

ลำดับที่ ประเภท เลขเรียก/บาร์โค้ด สถานที่ สถานะ
- ไม่พบข้อมูล -

BibComment


ยังไม่เคยถูกคอมเมนท์

คอมเมนท์ทรัพยากรรายการนี้
  คอมเมนท์: ตู้เพลงลูกทุ่ง ศ..


 Copyright 2026. Bcnsprnw @Library